Normal view
MARC view
- Lecturer M. Haider, CO-SUPERVISOR Asst. Prof. Dr. Abdul Waheed Badar
Entry Personal Name
001 - CONTROL NUMBER
- control field: 71336
003 - CONTROL NUMBER IDENTIFIER
- control field: NUST
005 - DATE AND TIME OF LATEST TRANSACTION
- control field: 20210628204625.0
008 - FIXED-LENGTH DATA ELEMENTS
- fixed length control field: 210628|| aca||aabn | a|a d
040 ## - CATALOGING SOURCE
- Original cataloging agency: NUST
- Transcribing agency: NUST
100 ## - HEADING--PERSONAL NAME
- Personal name: Lecturer M. Haider, CO-SUPERVISOR Asst. Prof. Dr. Abdul Waheed Badar
670 ## - SOURCE DATA FOUND
- Source citation: Work cat.: (NUST): M. KHURAM RASHID, M. USMAN ASHRAF, M. RIZWAN HAIDER 71335, PR-SOF-1459-INSTALLATION AND EXPERIMENTATION OF AIR BASED SOLAR SPACE HEATNG SYSTEM, 2015
